| 000 | 01558cam a22003734a 4500 | ||
|---|---|---|---|
| 001 | 13654720 | ||
| 003 | OSt | ||
| 005 | 20150408113747.0 | ||
| 008 | 040714m20032004enka b 001 0 eng | ||
| 010 | _a 2004556124 | ||
| 020 | _a0750308648 (v. 1) | ||
| 020 | _a0750309504 (v. 2) | ||
| 040 |
_aDLC _cDLC _dDLC |
||
| 042 | _apcc | ||
| 050 | 0 | 0 |
_aQC793.3.F5 _bA34 2004 |
| 082 | 0 | 4 |
_a539.721 _219 |
| 100 | 1 |
_aAitchison, Ian Johnston Rhind, _d1936- _98922 |
|
| 245 | 1 | 0 |
_aGauge theories in particle physics : _ba practical introduction / _cIan J.R. Aitchison, Anthony J.G. Hey. |
| 250 | _a3rd ed. | ||
| 260 |
_aBristol ; _aPhiladelphia : _bInstitute of Physics Pub., _cc2003-c2004. |
||
| 300 |
_a2 v. : _bill. ; _c24 cm. |
||
| 440 | 0 |
_aGraduate student series in physics _98923 |
|
| 504 | _aIncludes bibliographical references and indexes. | ||
| 505 | 0 | _av. 1. From relativistic quantum mechanics to QED -- v. 2. Non-Abelian gauge theories : QCD and the electroweak theory. | |
| 650 | 0 |
_aGauge fields (Physics) _98924 |
|
| 650 | 0 |
_aParticles (Nuclear physics) _98925 |
|
| 650 | 0 |
_aWeak interactions (Nuclear physics) _98926 |
|
| 650 | 0 |
_aQuantum electrodynamics. _98927 |
|
| 650 | 0 |
_aFeynman diagrams. _98928 |
|
| 700 | 1 |
_aHey, Anthony J. G. _98929 |
|
| 856 | 4 | 2 |
_3Publisher description _uhttp://www.loc.gov/catdir/enhancements/fy0661/2004556124-d.html |
| 942 |
_2ddc _cBOOK |
||
| 999 |
_c3579 _d238079 |
||